000 00290nam a2200109Ia 4500
008 200302s9999 xx 000 0 und d
100 _aMoritz Hauschild and other
245 _aDigital processes Planning design production
260 _bBirkhauser Verlag Gmbh
260 _c2011
300 _a111
999 _c6191
_d6191